书目信息 |
| 题名: |
电视测量技术
|
|
| 作者: | 狄伦布格 , Dillenburger 著 ;张永辉 译 | |
| 分册: | ||
| 出版信息: | 北京 国防工业出版社 1978 |
|
| 页数: | 473页 | |
| 开本: | 20cm | |
| 丛书名: | ||
| 单 册: | ||
| 中图分类: | TN949.6 | |
| 科图分类: | ||
| 主题词: | 电视--测量 | |
| 电子资源: | ||
| ISBN: | ||
| 000 | 00779nam0 2200265 45 | |
| 001 | 0178001913 | |
| 005 | 20060722105325.78 | |
| 010 | @dCNY1.45 | |
| 091 | @aCN@b15034.1693 | |
| 100 | @a19950728d1978 em y0chiy0121 ea | |
| 101 | 1 | @achi@cger |
| 102 | @aCN@b110000 | |
| 105 | @ay z 000yy | |
| 200 | 10 | @a电视测量技术@Adian shi ce liang ji shu@f(西德)狄伦布格(W.Dillenburger)著@g张永辉等译 |
| 210 | @a北京@c国防工业出版社@d1978 | |
| 215 | @a473页@d20cm | |
| 300 | @a书名原文:Fernsehmesstechnik | |
| 510 | 1 | @aFernsehmesstechnik@zger |
| 606 | @a电视@x测量 | |
| 690 | @aTN949.6@v3 | |
| 701 | 1 | @a狄伦布格@Adi lun bu ge@bW.@4著 |
| 701 | A1 | @aDillenburger@bW.@4著 |
| 702 | 0 | @a张永辉@Azhang yong hui@4译 |
| 801 | 0 | @aCN@bTSSF@c20060722 |
| 905 | @a10447@dTN949.6@e202 | |
| 电视测量技术/(西德)狄伦布格(W.Dillenburger)著/张永辉等译.-北京:国防工业出版社,1978 |
| 473页;20cm |
| 书名原文:Fernsehmesstechnik |
| ISBN :CNY1.45 |
| ● |
| 相关链接 |
|
|
|
|
正题名:电视测量技术
索取号:TN949.6/202
 
预约/预借
| 序号 | 登录号 | 条形码 | 馆藏地/架位号 | 状态 | 备注 |
| 1 | 0005179 | 001345137 | 第二样本阅览室/ [索取号:TN949.6/202] | 在馆 | |
| 2 | 0437542 | 204375425 | 密集书库/ [索取号:TN949.6/202] | 在馆 | |
| 3 | 0437799 | 204377995 | 密集书库/ [索取号:TN949.6/202] | 在馆 |